| 000 | 00921nam a2200313 a 4500 | ||
|---|---|---|---|
| 999 |
_c8338 _d8338 |
||
| 001 | 8338 | ||
| 003 | BD - JhCC | ||
| 005 | 20180222102224.0 | ||
| 008 | 880808s1969 enkaf b 001 0 eng | ||
| 020 | _a0216890276 | ||
| 035 | _a(BD - JhCC)8338 | ||
| 040 |
_aDLC _cDLC _dm.c _dBD - JhCC |
||
| 041 | 1 | _aengger | |
| 050 | 0 |
_aQC776 _b.B5713 1969 |
|
| 082 |
_a539.7 _bBON 1969 |
||
| 100 | 1 |
_aBorn, Max, _d1882-1970. |
|
| 240 | 1 | 0 | _aModerne Physik. |
| 245 | 1 | 0 |
_aAtomic physics / _cby Max, Born ; from the original translation of John Dougall. |
| 250 | _a8th ed. / | ||
| 260 |
_aLondon : _bBlackie & Son, _c1969. |
||
| 300 |
_axiv, 495 p., 11 plates : _billus ; _c23 cm |
||
| 500 | _aTranslation of the German Moderne physik | ||
| 504 | _aBibliography: p. 477-481 | ||
| 650 | 0 | _aNuclear physics. | |
| 700 | 1 | _aRadcliffe, J. M. | |
| 700 | 1 |
_aBlin-Stoyle, R. J. _q(Roger John) |
|
| 942 |
_2ddc _cBK |
||